000 00712nam a22002297a 4500
005 20250724113852.0
010 _aENG-146113-114
020 _a9789367130728
_c730.00
020 _a9789367138984
_c790.00
035 _aEN-129645-646
037 _bDBAD
082 _a540
_27
100 _aSinghal, A.K.
_983238
245 _aObjective Chemistry for NEET 2026/
_cA.K. Singhal [and] U. K. Singhal
250 _a7
260 _aNoida
_bPearson India Education
_c2025
270 _a15th Floor, Towe-B, World Trade Tower, Plot No.1, Block-C, Sector-16
_bNoida
_e201301
300 _avpp.
_c25cm(pbk)
490 _v1,2
700 _aSinghal, U.K.
_eAuthor
_983237
942 _2ddc
_cEN
_h540
_mSIN
999 _c212531
_d212531